| 000 | 00511nam a2200193 a 4500 | ||
|---|---|---|---|
| 001 | 20503 | ||
| 005 | 20180713214111.0 | ||
| 008 | 140415s1986 sp 000 0 spa d | ||
| 020 | _a8431308893 | ||
| 041 | _aspa | ||
| 082 |
_a371.46 _bCAS |
||
| 100 | 1 | _aCastillo, Gerardo. | |
| 245 | 1 | 4 | _aLOS PADRES Y LA ORIENTACION PROFESIONAL DE SUS HIJOS |
| 250 | _a1a ed. | ||
| 260 |
_aESPAÑA : _bEUNSA, _c1986 |
||
| 300 | _a290 | ||
| 490 |
_aEDUCACION NT _v18 |
||
| 650 | 1 | 4 | _aORIENTACION PROFESIONAL |
| 999 |
_c20503 _d20503 |
||